000 00745nam a22002297a 4500
005 20251208104245.0
008 251108b |||||||| |||| 00| 0 eng d
017 _aLD.1378
018 _a2025
020 _a9789787843215
040 _aNLN
_bEnglish
_eAACR2
050 _aDT515.83
_b.E36
082 _a923.8
100 _aEKE, Uneni
_eaut
_968577
245 _aLife and times :
_cUneni Eke
_bSir Princewill Ogbuji Ajuzie KSC /
260 _aIsiala Ngwa South, Abia State (Avoy Villa, Umuekene) :
_bAlden,
_c2023
300 _a88p. :
_bill. (some col.) , ports. (some col.) ; 28cm.
563 _a(pbk)
650 _aAjuzie, Princewill Ogbuji, 1934-2023
_968578
650 _aSales executive
_vNigeria
_xBiography
_968579
942 _cBK
_n0
999 _c33795
_d33795